50 Flicks to Click (2016) Quiz Stats

 Plays Quiz Updated May 14, 2018

Challenge
Share
Tweet
Embed
Score 0/50 Timer 07:00
167 Plays Today
% Correct
America
90%
La
89.3%
Squad
88.7%
Dory
88.1%
Beasts
87%
Jason
86.9%
Jack
84.2%
Water
84%
Jungle
82.3%
Girl
81.6%
Final
80%
Pets
79.6%
Hacksaw
79.1%
Seven
78.3%
Peculiar
77.4%
Strange
76.7%
Dave
73.8%
Figures
72.9%
Justice
72.6%
Me
72%
Manchester
71.8%
Apocalypse
71.2%
Breathe
71%
Sausage
69.8%
10
69%
% Correct
Intelligence
68.5%
Resurgence
68%
Lost
67.3%
13
67.2%
Cure
66.8%
Rogue
64.4%
Election
64.4%
Winter's
63.7%
Deepwater
63.6%
Nice
60.2%
Captain
57.9%
Nocturnal
57.7%
Single
57.5%
Florence
57.2%
Him
54.5%
Beyond
52.8%
War
49.1%
Miss
48.4%
Eye
47.9%
Seventeen
46.7%
Wall
46.2%
Light
44.4%
Patriots
42%
Live
40.7%
Collateral
40.7%

You're not logged in!

Compare scores with friends on all Sporcle quizzes.
OR
Log In

You Might Also Like...

Show Comments

Extras

Top Quizzes Today


Score Distribution

Your Account Isn't Verified!

In order to create a playlist on Sporcle, you need to verify the email address you used during registration. Go to your Sporcle Settings to finish the process.

Report this User

Report this user for behavior that violates our Community Guidelines.

Details: